| 000 | 00733nam a2200193 a 4500 | ||
|---|---|---|---|
| 001 | BRCA_2125 | ||
| 005 | 20190320203658.0 | ||
| 008 | 120808s1991----mx-#---###---#000-0#spa-# | ||
| 050 | 4 |
_aF1391.P8 _b.L43 70 _c1991 |
|
| 100 | 1 |
_aIcaza, Leonardo _96424 |
|
| 245 | 1 | 0 |
_aArquitectura y producción de trigo _ben la época virreynal en la región Puebla-Tlaxcala _cLeonardo Icaza. |
| 260 |
_aPuebla, México _bGobierno del Estado de Puebla : Secretaría de Cultura : Comisión Puebla V Centenario _c1991 |
||
| 300 |
_a39 p. _c21 cm. |
||
| 440 | 0 |
_aLecturas Históricas de Puebla _n70 _96425 |
|
| 504 | _aBibliografía: p. 37-39 | ||
| 651 | 4 |
_aPuebla (México) _xHistoria _9409 |
|
| 651 | 4 |
_aTlaxcala (México) _xHistoria _96426 |
|
| 942 |
_2lcc _cB |
||
| 999 |
_c1882 _d1882 |
||